Statystyki dla Co łączy te dwa państwa?

Kliknij tutaj aby rozwiązać quiz!

Ogólne statystyki

  • Ten quiz został rozwiązany 189 razy
  • Średni wynik to 9 z 15

Statystyki odpowiedzi

ZagadnienieOdpowiedź% Poprawnych
Watykan i San MarinoJest całkowicie otoczony przez Włochy
94%
Dania i FinlandiaMa krzyż we fladze
82%
Japonia i MonakoMa średnią długość życia powyżej 80 lat
78%
Brazylia i KolumbiaJest jednym z 10 największych eksporterów kawy
77%
Niemcy i FrancjaJest członkiem UE i G-7
72%
Szwajcaria i KostarykaSą politycznie neutralne
72%
Zjednoczone Emiraty Arabskie i MarokoPrzynajmniej 50% terytorium jest położone na pustyni
66%
Iran i SyriaPosiada granice z Irakiem
65%
Luksemburg i KatarMa PKB per-capite większe niż $100,000 rocznie
63%
Demokratyczna Republika Kongo i RwandaByli częścią Belgijskiego Imperium Kolonialnego
52%
Stany Zjednoczone i Wielka BrytaniaW wyborach używa system pocztowy
50%
Tajlandia i MjanmaMa przynajmniej 30 milionów obywateli wierzących w Buddyzm
47%
Australia i IndonezjaMa dużą populacje kangurów drzewiastych
43%
Paragwaj i PeruWiększość populacji to metisi
31%
RPA i KeniaJest członkiem brytyjskiej Wspólnoty Narodów
24%

Rozkład punktacji

Percentyl według liczby udzielonych odpowiedzi

Procent ludzi z każdym wynikiem

Twoja historia wyników

Nie rozwiązałeś tego quizu